Iustitia gothica. Historia social y teología del proceso en la lex Visigothorum.

Guardat en:
Dades bibliogràfiques
Autor principal: Petit, Carlos (autor)
Format: Llibre
Publicat: Huelva, España: Universidad de Huelva, 2001.
Matèries:
Etiquetes: Afegir etiqueta
Sense etiquetes, Sigues el primer a etiquetar aquest registre!

MARC

LEADER 00000nam a2200000 a 4500
001 UCR2538
003 CL-VaPUC
005 20220822114532.0
008 220630t2001 ||||| |||| 00| 0 eng d
999 |c 436555  |d 436553 
020 |a 84-95699-42-7 
040 |c Pontificia Universidad Católica de Valparaíso 
082 7 |a 347.4607 PET 2001  |2 22 
100 |a Petit, Carlos  |e autor  |9 400448 
245 |a Iustitia gothica.  |b Historia social y teología del proceso en la lex Visigothorum. 
260 |a Huelva, España:  |b Universidad de Huelva,   |c 2001. 
300 |a 521 páginas.  
500 |a c.1 Donación Familia Prof. Alejandro Guzmán Brito. 
583 |a last modification  |c 19980112 00:00:00  |k Cristina María Rojas Aguilar 
650 |a Procedimiento   |z España  |x Historia   |9 871998 
650 |a Derecho romano de los visigodos.  |9 871999 
942 |c BK  |2 ddc  |n 0 
952 |0 0  |1 0  |2 ddc  |4 0  |6 347_460700000000000_PET_2001  |7 0  |8 C_AGB  |9 584232  |a BIBDER  |b BIBDER  |d 2022-06-30  |e Donación   |i 5652348  |o 347.4607 PET 2001  |p 5652348  |r 2023-01-25  |t 1  |w 2022-06-30  |y BK_US  |k AGB